000 00706nam a2200205 a 4500
005 20200104041529.0
008 140121b2000 ck ||||| |||| 00| 0 spa d
041 _aspa
044 _ack
090 _aIAvH
_b00162
110 _bInstituto de Investigación de Recursos Biológicos Alexander von Humboldt
_9204
245 _aAnálisis de representatividad ecosistémica del sistema nacional de áreas protegidas desde una perspectiva eco-regional
260 _aBogotá
_bInstituto Alexander von Humboldt
_c2000
300 _a31p.
650 _aAreas protegidas
_978
650 _aSistema Nacional de Areas Protegidas
_927811
650 _aEcorregiones
_927812
662 _aColombia
942 _cINFORME
_2z
999 _c2170
_d2170